| 000 | 01251nam a22002657a 4500 | ||
|---|---|---|---|
| 005 | 20170124103101.0 | ||
| 010 | _aB-137102 | ||
| 020 |
_c95.00 _a8123012144 |
||
| 035 | _aB-137102 | ||
| 037 | _bCen Lib/Ret | ||
| 040 |
_aDPL _bHN |
||
| 082 |
_a921 _bकुटटी |
||
| 100 |
_aकुटटी, वी.के.माधवन _976945 |
||
| 245 |
_aवी.के.कृष्ण मेनन / _cवी.के.माधवन कुटटी ; अनुवादक प्रदीप पंत |
||
| 246 |
_aV.K.Krishn Menan / _bby V.K.Madhvan Kutti ; anuvadak Pradeep Pant |
||
| 260 |
_aनई दिल्ली _bसूचना और प्रसारण मंत्रालय _c2005 |
||
| 270 |
_bनई दिल्ली _aपटियाला हाउस _e110001 |
||
| 300 |
_axvii,179पृ. _c21सेमी(सजिल्द) |
||
| 650 |
_aहिन्दी -- साहित्य _976946 |
||
| 650 |
_aहिन्दी -- जीवनी - वी.के.कृष्ण मेनन _976947 |
||
| 650 |
_aHindi literature _976948 |
||
| 650 |
_aHindi - Biography - V.K.Krishna Menon _976949 |
||
| 700 |
_aपंत, प्रदीप _976950 |
||
| 942 |
_2ddc _cHN _h921 _mकुटटी |
||
| 999 |
_c117812 _d117812 |
||